=LDR 00000nam 2200000 4500 =001 INLIS000000000024271 =005 20130612122854 =008 ***********************************Ind** =035 ##$$0010-061300000024271 =041 ##$$a Ind =082 ##$$a 028.5 =090 ##$$a 028.5, Mua m =100 ##$$a Muakhir, Ali =245 ##$$a Mencari tuhan, Dari kisah nabi ibrahim a.s, Ali Muakhir =260 ##$$a 2002 $b Bandung =300 ##$$a 15 hlm, ilus, 18 cm =650 ##$$a Bacaan kanak-kanak =850 ##$$a NBPNMAT =990 ##$$a 14181418 =990 ##$$a 164566/pro-01 =990 ##$$a 1038843 =990 ##$$a 1038844 =990 ##$$a 1038845 =990 ##$$a 1038846 =990 ##$$a AN00004173